MARC

LEADER 00000nam0a2200000 4500
001 304132
005 20231102001654.0
020 |a RU  |b 83-41675 
035 |a (RuTPU)RU\TPU\book\329367 
090 |a 304132 
100 |a 20150910d1983 k y0rusy5003 ca 
101 0 |a rus 
102 |a RU 
105 |a a z 001zy 
200 1 |a Нейробионика. Организация нейроподобных элементов и систем  |f Е. Н. Соколов, Л. А. Шмелев 
210 |a Москва  |c Наука  |d 1983 
215 |a 279 с.  |c ил. 
320 |a Библиогр.: с. 262-267 
606 1 |a Нейробионика  |2 stltpush  |3 (RuTPU)RU\TPU\subj\45245  |9 64499 
610 1 |a организация 
610 1 |a нейроны 
610 1 |a системы 
610 1 |a организация 
610 1 |a слуховые аппараты 
610 1 |a тактильный анализатор 
610 1 |a зрительный аппарат 
610 1 |a искусственные нейронные сети 
675 |a 681.5:57  |z rus  |v 3 
700 1 |a Соколов  |b Е. Н.  |g Евгений Николаевич  |4 070 
701 1 |a Шмелев  |b Л. А.  |g Леонид Александрович  |4 070 
801 0 |a RU  |b RuMRKP  |c 19950704  |g psbo 
801 1 |a RU  |b 63413507  |c 20150910 
801 2 |a RU  |b 63413507  |c 20171003  |g RCR 
942 |c BK